[Event "Pan American-ch School U15 12th"]
[Site "Callao"]
[Date "2023.10.17"]
[Round "3"]
[White "Fernandez Conni, Isaac Paulo"]
[Black "Munoz Aguilera, Edward Godfred"]
[Result "1-0"]
[WhiteElo "1518"]
[BlackElo "1247"]
[PlyCount "95"]
[EventDate "2023.10.16"]
[EventType "swiss"]
[EventRounds "9"]
[EventCountry "PER"]
[SourceTitle "Mega2024 Update 01"]
[Source "Chessbase"]
[SourceDate "2023.11.12"]
[SourceVersion "1"]
[SourceVersionDate "2023.11.12"]
[SourceQuality "1"]

1. e4 c5 2. Nf3 d6 3. d4 cxd4 4. Nxd4 Nf6 5. Nc3 g6 6. Bc4 Bg7 7. Be3 0-0 8. f3 Bd7 9. Qd2 Nc6 10. g4 Na5 11. Bb3 Nxb3 12. axb3 Bc6 13. Bh6 Qb6 14. Rd1 Rfd8 15. h4 e5 16. Nxc6 Qxc6 17. h5 Qd7 18. Bxg7 Kxg7 19. hxg6 fxg6 20. Qh6+ Kg8 21. g5 Nh5 22. Nd5 Qg7 23. Qxg7+ Kxg7 24. Nc7 Rac8 25. Ne6+ Kf7 26. Nxd8+ Rxd8 27. Rd3 Rd7 28. Kf2 Ke6 29. Rhd1 Nf4 30. R3d2 Nh3+ 31. Ke3 Nxg5 32. c4 b6 33. b4 Nf7 34. c5 bxc5 35. bxc5 g5 36. Rh1 h6 37. cxd6 Rxd6 38. Rxd6+ Kxd6 39. Ra1 Ke6 40. Rxa7 Nd6 41. b4 h5 42. Rh7 h4 43. Rh6+ Ke7 44. Rg6 Nf7 45. b5 h3 46. Kf2 Kd8 47. Kg3 Kc7 48. Rg7 1-0

[Event "Cochabamba GP op 4th"]
[Site "Cochabamba"]
[Date "2023.09.08"]
[Round "3"]
[White "Gareca Ordonez, Laura"]
[Black "Fernandez Conni, Isaac Paulo"]
[Result "0-1"]
[WhiteElo "1468"]
[BlackElo "1532"]
[PlyCount "142"]
[EventDate "2023.09.07"]
[EventType "swiss"]
[EventRounds "7"]
[EventCountry "BOL"]
[SourceTitle "EXT 2024"]
[Source "ChessBase"]
[SourceDate "2023.10.10"]
[SourceVersion "1"]
[SourceVersionDate "2023.10.10"]
[SourceQuality "1"]

1. d4 Nf6 2. Bf4 g6 3. e3 Bg7 4. Nf3 d6 5. c4 0-0 6. Nc3 Nfd7 7. e4 e5 8. Bg5 Bf6 9. Bxf6 Nxf6 10. dxe5 dxe5 11. Qxd8 Rxd8 12. Nxe5 Re8 13. f4 Nbd7 14. Nd5 Nxd5 15. cxd5 Nxe5 16. fxe5 Rxe5 17. Bd3 Bf5 18. 0-0 Bxe4 19. Bxe4 Rxe4 20. Rac1 Re7 21. Rc5 b6 22. Rc3 Rd8 23. Rfc1 Rxd5 24. Rxc7 Rxc7 25. Rxc7 a5 26. Rc2 Kg7 27. Kf2 h5 28. Ke3 Rd6 29. Ke4 Kf6 30. Rf2+ Ke6 31. Kf4 Rd5 32. Ke4 f5+ 33. Kf4 Kf6 34. Rc2 g5+ 35. Ke3 Ke5 36. Rc6 f4+ 37. Ke2 Rd6 38. Rc3 g4 39. h4 Ke4 40. Rc4+ Rd4 41. Rc6 f3+ 42. gxf3+ gxf3+ 43. Ke1 Ke3 44. Rc3+ Rd3 45. Rc2 b5 46. b3 f2+ 47. Rxf2 Rd1+ 48. Kxd1 Kxf2 49. Kd2 Kg3 50. Ke3 Kxh4 51. b4 axb4 52. Kf4 Kh3 53. Kf3 h4 54. Kf2 Kg4 55. Kg2 Kf4 56. Kh3 Ke3 57. Kxh4 Kd3 58. Kg3 Kc2 59. Kf2 Kb2 60. Ke2 Kxa2 61. Kd3 b3 62. Kc3 b2 63. Kb4 b1Q+ 64. Ka5 Qc2 65. Kb4 Qc4+ 66. Ka5 b4 67. Kb6 b3 68. Kb7 b2 69. Ka7 b1R 70. Ka8 Qc6+ 71. Ka7 Qb7# 0-1

[Event "Cochabamba op 6th"]
[Site "Cochabamba"]
[Date "2023.03.03"]
[Round "4"]
[White "Saavedra Castro, Matias Santiago"]
[Black "Fernandez Conni, Isaac Paulo"]
[Result "0-1"]
[WhiteElo "1343"]
[BlackElo "1559"]
[PlyCount "78"]
[EventDate "2023.03.02"]
[EventType "swiss"]
[EventRounds "7"]
[EventCountry "BOL"]
[SourceTitle "CBM 213 Extra"]
[Source "ChessBase"]
[SourceDate "2023.05.31"]
[SourceVersion "1"]
[SourceVersionDate "2023.05.31"]
[SourceQuality "1"]

1. e4 e5 2. Nf3 Nc6 3. Bb5 g6 4. 0-0 Bg7 5. Bxc6 dxc6 6. c3 Ne7 7. d4 exd4 8. Nxd4 0-0 9. Be3 f5 10. Qb3+ Kh8 11. Ne6 Bxe6 12. Qxe6 fxe4 13. Bg5 Re8 14. Qxe4 Qd5 15. Qxd5 cxd5 16. Rd1 c6 17. Bxe7 Rxe7 18. Kf1 Rae8 19. Nd2 d4 20. cxd4 Bxd4 21. Nc4 Bc5 22. Re1 Kg7 23. a3 b6 24. Rxe7+ Rxe7 25. Rd1 Rf7 26. f3 a5 27. Ne5 Rc7 28. Rd7+ Rxd7 29. Nxd7 Bd4 30. a4 Kf7 31. b3 Ke7 32. Nb8 Kd6 33. Na6 c5 34. Ke2 Kc6 35. b4 axb4 36. Kd3 Be5 37. Kc4 Kb7 38. Nxb4 cxb4 39. h4 Bd6 0-1

[Event "Pan American-ch Hybrid U14 31st"]
[Site "Tornelo INT"]
[Date "2021.09.04"]
[Round "8"]
[White "Fernandez Conni, Isaac Paulo"]
[Black "La Fleur, Juninho"]
[Result "0-1"]
[WhiteElo "1053"]
[BlackElo "1312"]
[PlyCount "119"]
[EventDate "2021.09.04"]
[EventType "swiss"]
[EventRounds "9"]
[EventCountry "NET"]
[SourceTitle "EXT 2023"]
[Source "ChessBase"]
[SourceDate "2022.10.05"]
[SourceVersion "1"]
[SourceVersionDate "2022.10.05"]
[SourceQuality "1"]

1. e4 e5 2. Nf3 Nc6 3. d4 exd4 4. Nxd4 Bc5 5. Be3 Qf6 6. c3 Bb6 7. Bc4 Ne5 8. Bb3 d6 9. h3 Qg6 10. Kf1 Qxe4 11. Nd2 Qh4 12. g3 Bxh3+ 13. Kg1 Qg4 14. Qe1 Qd7 15. Bf4 0-0-0 16. Bxe5 dxe5 17. Qxe5 Nf6 18. N2f3 Rhe8 19. Qg5 Qg4 20. Qxg4+ Bxg4 21. Bxf7 Re7 22. Bc4 Ne4 23. Rh2 Bxd4 24. Nxd4 Nd2 25. Bb3 Rxd4 26. cxd4 Nf3+ 27. Kg2 Nxh2 28. Kxh2 Re2 29. Kg2 Rxb2 30. Re1 Re2 31. Rh1 h5 32. Bf7 Re4 33. Bxh5 Bxh5 34. Rxh5 Rxd4 35. Rg5 Rd7 36. Kf3 a6 37. Ke4 b5 38. Ke5 c5 39. Rg6 c4 40. Rxa6 c3 41. Rc6+ Rc7 42. Rxc3 Rxc3 43. f4 Rxg3 44. f5 Rg2 45. a3 Ra2 46. Ke6 Rxa3 47. Kf7 Ra7+ 48. Ke6 b4 49. f6 gxf6 50. Kxf6 b3 51. Ke5 b2 52. Kf6 b1Q 53. Ke6 Qb6+ 54. Kd5 Ra5+ 55. Kc4 Qc5+ 56. Kd3 Ra3+ 57. Ke4 Re3+ 58. Kf4 Qe5+ 59. Kg4 Rg3+ 60. Kh4 0-1